000 00429nam a2200181Ia 4500
008 090124s9999 xx 000 0 und d
082 _b36262
100 _aARORA BOOK COMPANY
245 _aSLEEPING BEAUTY
250 _a0
260 _bARORA BOOK COMPANY
300 _a30
600 _aARORA BOOK COMPANY
630 _aSLEEPING BEAUTY
700 _aARORA BOOK COMPANY
730 _aSLEEPING BEAUTY
942 _cBOOK
999 _c102982
_d102982